Reducing the reliance on landfill in England: report by the Comptroller and Auditor General (Record no. 105671)

MARC details
000 -LEADER
fixed length control field 01464cam a2200253 4500
001 - CONTROL NUMBER
control field ##L134436
008 - FIXED-LENGTH DATA ELEMENTS--GENERAL INFORMATION
fixed length control field 060807n2006 000 0 eng u
020 ## - INTERNATIONAL STANDARD BOOK NUMBER
International Standard Book Number 010294234X
035 ## - SYSTEM CONTROL NUMBER
System control number (Sirsi) u134436
041 0# - LANGUAGE CODE
Language code of text/sound track or separate title eng
050 04 - LIBRARY OF CONGRESS CALL NUMBER
Classification number 614.76 $2 18
110 1# - MAIN ENTRY--CORPORATE NAME
Corporate name or jurisdiction name as entry element United Kingdom
Subordinate unit National Audit Office
9 (RLIN) 1350
245 00 - TITLE STATEMENT
Title Reducing the reliance on landfill in England: report by the Comptroller and Auditor General
260 ## - PUBLICATION, DISTRIBUTION, ETC.
Place of publication, distribution, etc. London
Name of publisher, distributor, etc. TSO
Date of publication, distribution, etc. 2006
490 #0 - SERIES STATEMENT
Series statement House of Commons Paper
Volume/sequential designation HC 1177 2005-2006
520 ## - SUMMARY, ETC.
Summary, etc. Reports on the overreliance on landfill in England. Recommends that England needs to reduce the amount of biodegradable municipal waste disposed of through landfill. Proposes that earlier delays in taking action have made EU targets more difficult to achieve and warns that without a step change in existing local authority plans, England will not achieve its share of the reductions in landfill the EU requires by 2010 and 2013. Suggests that recycling and minimisation need to contribute more to reducing the amount of biodegradable municipal waste sent to landfill.
590 ## - LOCAL NOTE (RLIN)
Local note IKA010806 NTK
650 24 - SUBJECT ADDED ENTRY--TOPICAL TERM
Topical term or geographic name entry element DIRECTIVE 99/31/EC
651 #4 - SUBJECT ADDED ENTRY--GEOGRAPHIC NAME
Geographic name England
Chronological subdivision 886-
690 ## - LOCAL SUBJECT ADDED ENTRY--TOPICAL TERM (OCLC, RLIN)
Topical term or geographic name as entry element ENVIRONMENTAL AND LAND CONSULTANCY-WASTE MANAGEMENT
710 1# - ADDED ENTRY--CORPORATE NAME
Corporate name or jurisdiction name as entry element United Kingdom
Subordinate unit Department for Environment, Food and Rural Affairs
856 40 - ELECTRONIC LOCATION AND ACCESS
Uniform Resource Identifier <a href="https://www.nao.org.uk/pn/05-06/05061177.htm ">https://www.nao.org.uk/pn/05-06/05061177.htm </a>
Public note View the report free of charge at www.nao.org.uk...
942 ## - ADDED ENTRY ELEMENTS (KOHA)
Suppress in OPAC 0
Holdings
Withdrawn status Lost status Source of classification or shelving scheme Damaged status Not for loan Home library Current library Shelving location Date acquired Total Checkouts Full call number Barcode Date last seen Copy number Price effective from Koha item type
    Dewey Decimal Classification     Virtual Virtual Online 07/08/2006   ONLINE PUBLICATION 134436-2001 06/08/2019 1 06/08/2019 Book